000 00690nam a2200217 a 4500
005 20241011063808.0
008 041103s2001 mx r 000 0 spa d
020 _a8484601226
035 _aUPN01000136091
049 _aCG
050 4 _aLB1135
_bT4.4
100 1 _aTierno Jiménez, Bernabé,
_d1940-
_933825
245 1 0 _aEducar a un adolescente :
_bla guía con todas las respuestas /
_cBernabé Tierno Jímenez.
260 _aMadrid :
_bTemas de hoy,
_c2001.
300 _a284 p.
440 0 _aBiblioteca Bernabé Tierno.
_pVivir mejor
650 4 _aEducación de adolescentes
_9252
650 4 _aPsicología del adolescente
_91013
650 4 _aAdolescencia
_91008
905 _aLibro
999 _c108242
_d108242